Library Banner

Hydraulic and pneumatic controls [rptd 2012) (Record no. 54392)

MARC details
000 -LEADER
fixed length control field 00483nam a2200169Ia 4500
001 - CONTROL NUMBER
control field 57100
008 - FIXED-LENGTH DATA ELEMENTS--GENERAL INFORMATION
fixed length control field 140507s9999 xx 000 0 und d
020 ## - INTERNATIONAL STANDARD BOOK NUMBER
International Standard Book Number 8121926351
040 ## - CATALOGING SOURCE
Transcribing agency PK-LaUMT
082 ## - DEWEY DECIMAL CLASSIFICATION NUMBER
Classification number 621.2
Item number SUN-H
100 ## - MAIN ENTRY--PERSONAL NAME
Personal name Sundaram, K. Shanmuga
245 ## - TITLE STATEMENT
Title Hydraulic and pneumatic controls [rptd 2012)
Remainder of title (understanding made easy)
Statement of responsibility, etc Sundaram, K. Shanmuga
260 ## - PUBLICATION, DISTRIBUTION, ETC. (IMPRINT)
Place of publication, distribution, etc New Delhi,India:
Name of publisher, distributor, etc S. Chand & Company Ltd.,
Date of publication, distribution, etc 2006
300 ## - PHYSICAL DESCRIPTION
Extent 223 p.
546 ## - LANGUAGE NOTE
Language note EN
942 ## - ADDED ENTRY ELEMENTS (KOHA)
Koha item type Books
Holdings
Withdrawn status Lost status Damaged status Not for loan Home library Current library Date acquired Total Checkouts Full call number Barcode Date last seen Price effective from Koha item type
        UMT Main Campus UMT Main Campus 2014-05-07   621.2 SUN-H 80258 2014-05-08 2014-05-08 Books